The process of staff development : components for change

Bibliographic Details
Main Author: Tobin, Helen M.
Other Authors: Hull, Peggy K., Wise, Pat S. Yoder
Format: Book
Published: At. Louis : The C. V. Mosby company , 1979
Edition:2nd ed.
Subjects:

MARC

LEADER 00000cam a2200000 7i4500
001 0000007176
005 20050427.0
040 |a INS 
090 0 0 |a RT76.   |b T6 1979 
100 1 |a Tobin, Helen M. 
245 1 4 |a The process of staff development :   |b components for change   |c Helen M. Tobin 
250 |a 2nd ed. 
260 |a At. Louis :   |b The C. V. Mosby company ,   |c 1979 
300 |a xii, 248p. ;   |c 26 cm. 
650 0 0 |a Nurses-in-service training 
650 0 0 |a Training 
700 1 |a Hull, Peggy K. 
700 1 |a Wise, Pat S. Yoder 
999 |a 0000000358   |b BOOK   |c Open Shelf   |e Default branch